Štatistická ročenka Slovenskej republiky 2015 = Statistical Yearbook of the Slovak Republic 2015

Salvato in:
Dettagli Bibliografici
Natura: Libro
Lingua:slovacco
Pubblicazione: Bratislava : Veda, 2015
Soggetti:
Tags: Aggiungi Tag
Nessun Tag, puoi essere il primo ad aggiungerne!!

MARC

LEADER 00000nam a22000003a 4500
001 0015082
003 SK-STU
005 20160608112120.4
007 ta
008 160608s ----xo-----e------000-0-----d
020 |a 978-80-224-1482-1 
040 |a STU  |b slo 
041 0 |a slo 
044 |a xo 
080 |a 311(437.6) 
245 1 0 |a Štatistická ročenka Slovenskej republiky 2015 = Statistical Yearbook of the Slovak Republic 2015 
260 |a Bratislava :  |b Veda,  |c 2015 
300 |a 681 s.,  |b 16 s. obrazovej prílohy 
650 0 7 |a Štatistika slovenská 
996 |b 284EK89696  |c E*89696  |l EE0101  |s P  |a 0  |w 0015082_0001